| 000 | 00600nam a22002177a 4500 | ||
|---|---|---|---|
| 999 |
_c36438 _d36438 |
||
| 003 | OSt | ||
| 005 | 20240527101548.0 | ||
| 008 | 240527b ||||| |||| 00| 0 spa d | ||
| 020 | _a978-950-518-116-2 | ||
| 040 | _cBiblioteca Ernesto Sábato | ||
| 092 |
_a153 _bT655 _eJLS |
||
| 100 | _aTomasello, Michael | ||
| 245 | _aLos orígenes culturales de la cognición humana | ||
| 250 | _a1a. ed. | ||
| 260 |
_aBuenos Aires _bAmorrortu _c2007 |
||
| 300 | _a296 p | ||
| 440 | _aBiblioteca de psicología cognitiva | ||
| 650 | _aCOGNICION HUMANA | ||
| 650 | _aPSICOLOGIA COGNITIVA | ||
| 942 |
_2ddc _cJLS |
||